[Event "Ho Chi Minh City HD Bank op-A 6th"]
[Site "Ho Chi Minh City"]
[Date "2016.03.08"]
[Round "1"]
[White "Dao, Thien Hai"]
[Black "Tran, Minh Thang"]
[Result "1-0"]
[WhiteElo "2481"]
[BlackElo "2258"]
[PlyCount "49"]
[EventDate "2016.03.08"]
[EventType "swiss"]
[EventRounds "9"]
[EventCountry "VIE"]
[SourceTitle "CBM 171 Extra"]
[Source "ChessBase"]
[SourceDate "2016.04.26"]
[SourceVersion "1"]
[SourceVersionDate "2016.04.26"]
[SourceQuality "1"]

1. d4 Nf6 2. c4 g6 3. Nc3 d5 4. Bg5 Bg7 5. Bxf6 Bxf6 6. cxd5 c5 7. dxc5 Nd7 8. e4 0-0 9. Bd3 Nxc5 10. Nge2 Bg4 11. 0-0 Rc8 12. Rb1 Qb6 13. h3 Bd7 14. Kh1 a5 15. Bc2 Rfd8 16. f4 e5 17. Qd2 Re8 18. f5 gxf5 19. exf5 e4 20. Qe3 Qd6 21. Ng3 Kh8 22. Nh5 Bxc3 23. bxc3 Re5 24. Rb6 Qxb6 25. Qg3 1-0

[Event "Ho Chi Minh City HD Bank op-A 6th"]
[Site "Ho Chi Minh City"]
[Date "2016.03.08"]
[Round "2"]
[White "Nguyen, Thi Thanh An"]
[Black "Dao, Thien Hai"]
[Result "1/2-1/2"]
[WhiteElo "2239"]
[BlackElo "2481"]
[PlyCount "63"]
[EventDate "2016.03.08"]
[EventType "swiss"]
[EventRounds "9"]
[EventCountry "VIE"]
[SourceTitle "CBM 171 Extra"]
[Source "ChessBase"]
[SourceDate "2016.04.26"]
[SourceVersion "1"]
[SourceVersionDate "2016.04.26"]
[SourceQuality "1"]

1. d4 f5 2. Nf3 Nf6 3. g3 g6 4. Bg2 Bg7 5. 0-0 0-0 6. c4 d6 7. Nc3 Qe8 8. Nd5 Nxd5 9. cxd5 Qb5 10. Ne1 c6 11. a4 Qb6 12. Nc2 a5 13. Rb1 Na6 14. Be3 Bd7 15. b3 Rfc8 16. Na3 c5 17. Nc4 Qd8 18. Qd2 b5 19. axb5 Bxb5 20. Nxa5 cxd4 21. Bg5 Nb4 22. Nb7 Qd7 23. Qxb4 Qxb7 24. Bxe7 Ra7 25. Bxd6 Bxe2 26. Rfc1 Rxc1+ 27. Rxc1 d3 28. Qxb7 Rxb7 29. Bf4 Be5 30. Be3 Bd6 31. Rc6 Rxb3 32. h4 1/2-1/2

[Event "VIE-ch"]
[Site "Ho Chi Minh City"]
[Date "2015.04.25"]
[Round "11"]
[White "Dao, Thien Hai"]
[Black "Tran, Thanh Tu"]
[Result "1-0"]
[WhiteElo "2482"]
[BlackElo "2283"]
[PlyCount "63"]
[EventDate "2015.04.18"]
[EventType "swiss"]
[EventRounds "11"]
[EventCountry "VIE"]
[SourceTitle "CBM 166 Extra"]
[Source "ChessBase"]
[SourceDate "2015.06.18"]
[SourceVersion "1"]
[SourceVersionDate "2015.06.18"]
[SourceQuality "1"]

1. d4 Nf6 2. c4 g6 3. Nc3 d5 4. cxd5 Nxd5 5. e4 Nxc3 6. bxc3 Bg7 7. Ba3 0-0 8. Bd3 Nd7 9. Ne2 c5 10. 0-0 Qa5 11. Qb3 Rb8 12. Rad1 Qc7 13. Bb5 b6 14. e5 a6 15. Bc4 e6 16. Nf4 Nxe5 17. dxe5 Bxe5 18. Nh3 Bxh2+ 19. Kh1 Be5 20. Rfe1 b5 21. Bf1 h6 22. c4 b4 23. Rxe5 Qxe5 24. Bb2 Qh5 25. Re1 Bb7 26. Re5 Qg4 27. Qe3 g5 28. Kh2 Rbd8 29. f3 Qh5 30. Rxc5 Qg6 31. Rc7 Ba8 32. Nf2 1-0

[Event "VIE-ch"]
[Site "Ho Chi Minh City"]
[Date "2015.04.24"]
[Round "10"]
[White "Cao, Sang"]
[Black "Dao, Thien Hai"]
[Result "1/2-1/2"]
[WhiteElo "2480"]
[BlackElo "2482"]
[PlyCount "32"]
[EventDate "2015.04.18"]
[EventType "swiss"]
[EventRounds "11"]
[EventCountry "VIE"]
[SourceTitle "CBM 166 Extra"]
[Source "ChessBase"]
[SourceDate "2015.06.18"]
[SourceVersion "1"]
[SourceVersionDate "2015.06.18"]
[SourceQuality "1"]

1. e4 c5 2. Nf3 d6 3. d4 cxd4 4. Nxd4 Nf6 5. Nc3 a6 6. Bg5 e6 7. Qf3 Be7 8. 0-0-0 Qc7 9. Qg3 0-0 10. h4 Kh8 11. Kb1 b5 12. Bd3 Bb7 13. Qe3 Ng4 14. Qg3 Nf6 15. Qe3 Ng4 16. Qg3 Nf6 1/2-1/2

[Event "VIE-ch"]
[Site "Ho Chi Minh City"]
[Date "2015.04.23"]
[Round "9"]
[White "Dao, Thien Hai"]
[Black "Nguyen, Van Thanh"]
[Result "0-1"]
[WhiteElo "2482"]
[BlackElo "2180"]
[PlyCount "88"]
[EventDate "2015.04.18"]
[EventType "swiss"]
[EventRounds "11"]
[EventCountry "VIE"]
[SourceTitle "CBM 166 Extra"]
[Source "ChessBase"]
[SourceDate "2015.06.18"]
[SourceVersion "1"]
[SourceVersionDate "2015.06.18"]
[SourceQuality "1"]

1. d4 d5 2. c4 c6 3. Nf3 Nf6 4. Nc3 dxc4 5. a4 Bf5 6. Ne5 Nbd7 7. Nxc4 Nb6 8. Ne5 a5 9. f3 Nfd7 10. Nxd7 Nxd7 11. e4 Bg6 12. Be2 Qb6 13. f4 e6 14. 0-0 e5 15. fxe5 Nxe5 16. Bf4 Nd7 17. Kh1 Be7 18. Qd2 0-0 19. e5 Bb4 20. Bc4 Qd8 21. Bb3 Re8 22. Qf2 Nb6 23. Rad1 Nd5 24. Bd2 Qd7 25. Qf3 Nc7 26. Ne4 Bf8 27. Bg5 Ne6 28. Bh4 Bxe4 29. Qxe4 Be7 30. Rxf7 Kxf7 31. Qf5+ Bf6 32. Bxf6 Kg8 33. Qg4 h5 34. Qxh5 gxf6 35. Rd3 Qh7 36. Qg4+ Kf8 37. Rd1 f5 38. Rf1 Ke7 39. Rxf5 Rg8 40. Qf3 Raf8 41. g4 Rh8 42. Qf2 Rxf5 43. gxf5 Nxd4 44. f6+ Kf8 0-1